000 00504nam a22001817a 4500
005 20260515163029.0
008 260515b |||||||| |||| 00| 0 eng d
020 _a9781032973159
_c2995.00
040 _aMAIN
041 _aEnglish
082 _a004.6
_bNET
100 _aHu, Fei (ed)
_926832
245 _aNetwork Innovation Through Open Flow and SDN
_b: Principles and Design
260 _aNew York
_bCRC Press
_c2025
300 _a496
650 _aComputer Science (PM (USHA)
_926808
942 _cBK
999 _c60813
_d60813